LEADER 01969nam 2200541 450 001 9910467013403321 005 20200520144314.0 010 $a0-87462-720-6 035 $a(CKB)3830000000000619 035 $a(EBL)4396043 035 $a(SSID)ssj0001614519 035 $a(PQKBManifestationID)16341688 035 $a(PQKBTitleCode)TC0001614519 035 $a(PQKBWorkID)14230559 035 $a(PQKB)11299054 035 $a(MiAaPQ)EBC4396043 035 $a(Au-PeEL)EBL4396043 035 $a(CaPaEBR)ebr11155340 035 $a(OCoLC)940521495 035 $a(EXLCZ)993830000000000619 100 $a20130225h20132013 uy| 0 101 0 $aeng 135 $aur|n|---||||| 181 $ctxt 182 $cc 183 $acr 200 10$aRestless mind $ecuriositas & the scope of inquiry in St. Augustine's psychology /$fJoseph Torchia, O.P 210 1$aMilwaukee, Wisconsi :$cMarquette University Press,$d[2013] 210 4$dİ2013 215 $a1 online resource (313 p.) 225 1 $aMarquette studies in philosophy ;$vnumber 83 300 $aDescription based upon print version of record. 311 $a0-87462-719-2 320 $aIncludes bibliographical references (pages 291-303) and indexes. 327 $aRestless Mind cover; Half Title; Title Page; Series Page; Copyright Page; Table of Contents; Dedication; Preface; Introduction; Part 1; Chapter 1; Chapter 2; Chapter 3; Part 2; Chapter 4; Chapter 5; Chapter 6; Part 3; Chapter 7; Chapter 8; Chapter 9; Conclusion; Epilogue; Bibliographies; Name Index; Subject Index 410 0$aMarquette studies in philosophy ;$vNo. 83. 606 $aCuriosity 608 $aElectronic books. 615 0$aCuriosity. 676 $a270.2092 700 $aTorchia$b N. Joseph$g(Natale Joseph),$f1953-$0900582 801 0$bMiAaPQ 801 1$bMiAaPQ 801 2$bMiAaPQ 906 $aBOOK 912 $a9910467013403321 996 $aRestless mind$92012014 997 $aUNINA LEADER 01126nam a2200253 i 4500 001 991000860699707536 005 20020507102431.0 008 960620s1970 it ||| | ita 035 $ab10139813-39ule_inst 035 $aLE00638126$9ExL 040 $aDip.to Fisica$bita 084 $a621.3.8 084 $a621.3.8.3 110 2 $aAICA $0292400 245 10$aCompilatori e tecniche di implementazione :$btesto integrale delle lezioni della Scuola AICA tenuta a Milano (11-15 maggio 1970) /$cAssociazione Italiana del Calcolo Automatico 260 $aPisa :$bEditrice Tecnico Scientifica,$c1970 300 $a427 p. ;$c27 cm. 907 $a.b10139813$b21-09-06$c27-06-02 912 $a991000860699707536 945 $aLE006 621.3.8 AIC$g2$i2006000009546$lle006$o-$pE0.00$q-$rl$s- $t0$u0$v0$w0$x0$y.i1016599x$z27-06-02 945 $aLE006 621.3.8 AIC$g1$i2006000010931$lle006$o-$pE0.00$q-$rl$s- $t0$u0$v0$w0$x0$y.i10166002$z27-06-02 996 $aCompilatori e tecniche di implementazione$9186791 997 $aUNISALENTO 998 $ale006$b01-01-96$cm$da $e-$fita$git $h0$i2 LEADER 01748nam 22005411 450 001 9910788506203321 005 20230617022055.0 010 $a1-57659-283-9 035 $a(CKB)3240000000069071 035 $a(OCoLC)861528368 035 $a(CaPaEBR)ebrary10756349 035 $a(SSID)ssj0000607102 035 $a(PQKBManifestationID)11403423 035 $a(PQKBTitleCode)TC0000607102 035 $a(PQKBWorkID)10584929 035 $a(PQKB)10149781 035 $a(MiAaPQ)EBC3240055 035 $a(OCoLC)654379512 035 $a(MdBmJHUP)muse7562 035 $a(Au-PeEL)EBL3240055 035 $a(CaPaEBR)ebr10756349 035 $a(EXLCZ)993240000000069071 100 $a20051012d2005 uy 0 101 0 $aeng 135 $aurcnu|||||||| 181 $ctxt 182 $cc 183 $acr 200 10$aEarly Oxford Lecture on Individuation /$fJohn Duns Scotus ; Latin text with English translation and introduction [by] Allan B. Wolter 210 1$aSt. Bonaventure, New York :$cFranciscan Institute,$d2005. 215 $a1 online resource (143 p.) 225 0$aFranciscan Institute publications 300 $aBibliographic Level Mode of Issuance: Monograph 311 $a1-57659-191-3 320 $aIncludes bibliographical references. 517 1 $aDe Principio Individuationis 606 $aIndividuation (Philosophy) 615 0$aIndividuation (Philosophy) 676 $a111/.82 700 $aDuns Scotus$b John$fapproximately 1266-1308.$0864541 701 $aWolter$b Allan Bernard$f1913-$0181967 801 0$bMiAaPQ 801 1$bMiAaPQ 801 2$bMiAaPQ 906 $aBOOK 912 $a9910788506203321 996 $aEarly Oxford Lecture on Individuation$93710164 997 $aUNINA